История отечественного государства и права. Ч. 1: Программа курса, планы семинарских занятий, тезисы лекций (Запись № 7249887)

Подробности
000 -МАРКЕР
контрольное поле 01026nam2a22002411 4500
001 - ИДЕНТИФИКАТОР ЗАПИСИ
контрольное поле rc\32852
005 - ИДЕНТИФИКАТОР ВЕРСИИ
контрольное поле 20250620195741.0
010 ## - МЕЖДУНАРОДНЫЙ СТАНДАРТНЫЙ НОМЕР КНИГИ (ISBN)
Номер (ISBN) 5-7251-0005-7
Тираж 5000
035 ## - ДРУГИЕ СИСТЕМНЫЕ НОМЕРА
Идентификатор записи (NLR Aleph) 005398336
100 ## - ДАННЫЕ ОБЩЕЙ ОБРАБОТКИ
Данные общей обработки 20021216d1994 |||y0rusy50 ca
101 0# - ЯЗЫК РЕСУРСА
Язык текста, звукозаписи и т.д. русский
102 ## - СТРАНА ПУБЛИКАЦИИ ИЛИ ПРОИЗВОДСТВА
Страна публикации российская федерация
105 ## - ПОЛЕ КОДИРОВАННЫХ ДАННЫХ: ТЕКСТОВЫЕ МАТЕРИАЛЫ, МОНОГРАФИЧЕСКИЕ
Кодированные данные о монографическом текстовом документе y |||||||||
200 1# - ЗАГЛАВИЕ И СВЕДЕНИЯ ОБ ОТВЕТСТВЕННОСТИ
Основное заглавие Программа курса, планы семинарских занятий, тезисы лекций
210 ## - ПУБЛИКАЦИЯ, РАСПРОСТРАНЕНИЕ И ДР.
Дата издания, распространения и т.д. 1994
Место издания, распространения и т.д. Б. м.
215 ## - ФИЗИЧЕСКАЯ ХАРАКТЕРИСТИКА
Специфическое обозначение материала и объем 118 с.
461 #0 - УРОВЕНЬ НАБОРА
Встроенное поле 001rc\32851
-- 2001#$aИстория отечественного государства и права$eУчеб. пособие$e[В 2 ч.$fНовицкая Т.Е.]$vЧ. 1
Системный номер (АБИС) связанной записи 7249879
Место публикации М.
Дата публикации 1994-
Первые сведения об ответственности Новицкая Т.Е.]
Имя издателя, распространителя и т.д. Юрид. колледж МГУ
Сведения, относящиеся к заглавию Учеб. пособие : [В 2 ч.
Заглавие История отечественного государства и права
ISBN 5725100065
Номер тома Ч. 1
801 #0 - ИСТОЧНИК ЗАПИСИ
Страна российская федерация
Организация NLR
Правила каталогизации psbo
801 #1 - ИСТОЧНИК ЗАПИСИ
Страна российская федерация
Организация ELAR
Источник данных rusmarc
852 ## - МЕСТОНАХОЖДЕНИЕ И ШИФР ХРАНЕНИЯ
Идентификатор организации NLR
Шифр хранения (Call Number) 94-3/3418
942 ## - ДОПОЛНИТЕЛЬНЫЕ ЭЛЕМЕНТЫ ЗАПИСИ (АБИС)
Тип экземпляра АБИС Книга
980 ## - КОЛЛЕКЦИЯ
Название коллекции Национальная библиография
Экземпляры
Тип экземпляра Дата поступления Библиотека постоянного хранения Библиотека текущего хранения Место хранения Шифр хранения Штрих-код Статус не для выдачи Источник поступления
Книга 26.10.2013 РНБ (Московский) РНБ (Московский) Русский книжный фонд: издания с 1957 года, 8этаж 94-3/3418 5398336-10    
Книга 25.10.2014 РНБ (Фонтанка) РНБ (Фонтанка) Юношеский читальный зал Ю Х62/Н-73 1-701931   Источник неизвестен